000 00331nam a2200157Ia 4500
100 _aJangam/U.B./ Patil/ K.P.
490 _v2
942 _cBK
654 _amathematics II
245 _aApplied Mathematics-II
260 _bNandu Pub
_aMumbai
_c1999
082 _a519
_bJAN
300 _a254
546 _aENGLISH
999 _c32935
_d32935